"This is the way, walk ye in it" : (Record no. 35785)
[ view plain ]
| 000 -LEADER | |
|---|---|
| fixed length control field | 00527nam a2200181Ii 4500 |
| 001 - CONTROL NUMBER | |
| control field | 6697856 |
| 008 - FIXED-LENGTH DATA ELEMENTS--GENERAL INFORMATION | |
| fixed length control field | 800910s1977 caua 000 0aeng d |
| 035 ## - SYSTEM CONTROL NUMBER | |
| System control number | .b1071666x |
| 040 ## - CATALOGING SOURCE | |
| Original cataloging agency | EXS |
| Transcribing agency | EXS |
| Modifying agency | EXN |
| 100 1# - MAIN ENTRY--PERSONAL NAME | |
| Personal name | Esther, Joseph, |
| Dates associated with a name | 1911- |
| 245 10 - TITLE STATEMENT | |
| Title | "This is the way, walk ye in it" : |
| Remainder of title | Isaiah 30:21 / |
| Statement of responsibility, etc | by Jospeh R. Esther. |
| 260 ## - PUBLICATION, DISTRIBUTION, ETC. (IMPRINT) | |
| Place of publication, distribution, etc | Redlands, Calif. : |
| Name of publisher, distributor, etc | J. Esther, |
| Date of publication, distribution, etc | c1977. |
| 300 ## - PHYSICAL DESCRIPTION | |
| Extent | 127 p. : |
| Other physical details | ill. ; |
| Dimensions | 23 cm. |
| 600 10 - SUBJECT ADDED ENTRY--PERSONAL NAME | |
| Personal name | Esther, Joseph, |
| Dates associated with a name | 1911- |
| 650 #0 - SUBJECT ADDED ENTRY--TOPICAL TERM | |
| Topical term or geographic name as entry element | Missions |
| Geographic subdivision | China. |
| 942 ## - ADDED ENTRY ELEMENTS (KOHA) | |
| Source of classification or shelving scheme | Library of Congress Classification |
| Item type | Books |
| 945 ## - LOCAL PROCESSING INFORMATION (OCLC) | |
| l | stamn |
| Withdrawn status | Lost status | Source of classification or shelving scheme | Damaged status | Not for loan | Home library | Current library | Shelving location | Date acquired | Source of acquisition | Accession number | Total Checkouts | Full call number | Barcode | Date last seen | Price effective from | Koha item type |
|---|---|---|---|---|---|---|---|---|---|---|---|---|---|---|---|---|
| Library of Congress Classification | BSOP Library | BSOP Library | 01/31/2013 | gift : Dr. Stuart Young | 35498 | BV 3427.E75 Es8 | 00042008 | 02/23/2013 | 02/23/2013 | Books |
